| 000 | 00392nam a2200169Ia 4500 | ||
|---|---|---|---|
| 003 | STCL | ||
| 008 | 181203s9999 xx 000 0 und d | ||
| 020 | _a9788177588842 | ||
| 040 |
_aSTCL _bEN _cSTCL |
||
| 082 | _222 | ||
| 100 | _aBoyer, Rodney F. | ||
| 245 | 0 | _aModern Experimental Biochemistry | |
| 260 |
_bPearson _aNoida _c2017 |
||
| 300 | _a493 | ||
| 546 | _aEnglish | ||
| 942 |
_2ddc _cBK |
||
| 999 |
_c86838 _d86838 |
||